| 000 | 00353nam a22001577a 4500 | ||
|---|---|---|---|
| 003 | SGT | ||
| 020 | _a9789352606344 | ||
| 082 |
_a616.12 _bH17L |
||
| 100 | _aLOSCALZO, JOSEPH | ||
| 245 | _aHARRISON'S CARDIOVASCULAR MEDICINE | ||
| 250 | _a3RD | ||
| 260 |
_aINDIA _bMCGROW HILL PUB _c2017 |
||
| 300 | _a749 | ||
| 650 | _aCARDIOLOGY | ||
| 942 |
_2ddc _cBK |
||
| 999 |
_c21803 _d21803 |
||